Music Quiz

Random Music or Singers Quiz

Indie Band Lead Singers Quiz Stats

Quiz not verified by Sporcle

Also try: Songs Done Twice
Challenge
Share
Tweet
Embed
Score 0/40 Timer 08:00
0 Plays Today
Band Lead Singer % Correct
RadioheadThom Yorke
81.9%
The SmithsMorrissey
70.6%
The StrokesJulian Casablancas
67.9%
Yeah Yeah YeahsKaren O
66.1%
Sufjan StevensSufjan Stevens
62.8%
Bright EyesConor Oberst
60.6%
Death Cab for CutieBen Gibbard
59.7%
She & HimZooey Deschanel
56.5%
Arcade Fire Win Butler
55%
Arctic MonkeysAlex Turner
50.2%
Vampire WeekendEzra Koenig
49.5%
The Flaming LipsWayne Coyne
43.2%
Bon IverJustin Vernon
41.9%
WilcoJeff Tweedy
37.1%
The ShinsJames Mercer
36.4%
Modest MouseIsaac Brock
36.4%
BabyshamblesPete Doherty
36.4%
My Morning JacketJim James
34.3%
MGMTAndrew VanWyngarden
27.8%
The Black KeysDan Auerbach
26.2%
Band Lead Singer % Correct
The DecemberistsColin Meloy
25.7%
Dinosaur Jr. J Mascis
23.4%
MetricEmily Haines
22.2%
The NationalMatt Berninger
20.7%
PhoenixThomas Mars
19.7%
Of MontrealKevin Barnes
19.5%
SpoonBritt Daniel
19.3%
Bat for LashesNatasha Khan
18.2%
The KooksLuke Pritchard
16%
The Hold SteadyCraig Finn
13.3%
CSSLovefoxxx
8.9%
The Dismemberment PlanTravis Morrison
7.8%
Why?Yoni Wolf
7.5%
Band of HorsesBen Bridwell
6.6%
Death From Above 1979Sebastien Grainger
5.4%
Silversun PickupsBrian Aubert
5%
The ThermalsHutch Harris
3.9%
The Polyphonic SpreeTim DeLaughter
3.6%
The DodosMeric Long
3%
Minus the BearJake Snider
2.7%

You're not logged in!

Compare scores with friends on all Sporcle quizzes.
Sign Up with Email
OR
Log In

You Might Also Like...

Show Comments

Extras

Top Quizzes Today


Score Distribution

Your Account Isn't Verified!

In order to create a playlist on Sporcle, you need to verify the email address you used during registration. Go to your Sporcle Settings to finish the process.

Report this User

Report this user for behavior that violates our Community Guidelines.

Details: